000 00932njm a2200301Ia 4500
001 37590
003 IT-RoPAU
005 20220918181111.0
008 131025s9999 xx 000 0 und d
040 _aIT-RoPAU
040 _cIT-RoPAU
041 _aITALIANO
999 _c99003
_d99003
999 _bn.d.
100 _aNazzari Antonietta
_919577
100 _eAutore musica
_919578
100 _gCodice autore musica SPICS: 17313
_919579
245 _aPaese di pietra (Il)-Cassetta con 36 diapositive
250 _a1a ed.
260 _aROMA
260 _bEDIZIONI PAOLINE FSP
_c1980 [1a Ed.:1980 - Ed. Lingua Orig.: 1980]
300 _aDIAPOMONTAGGIO
300 _c (Testo: 24 pag.)
500 _aDiapomontaggio sonorizzato
505 _aIl paese di pietra
650 _aDIDATTICO [DIAPOMONTAGGIO SONORIZZATO]
_eCodice MATERIA SPICS: 9971
_919580
700 _aDangrow Charles
_eAutore
_gCodice autore SPICS: 17314
_919581
942 _cDI
_2ddc